| 000 | 00398nam a2200157Ia 4500 | ||
|---|---|---|---|
| 008 | 151213s9999 xx 000 0 und d | ||
| 100 | _aProf. MD. Altaf Hossain | ||
| 245 |
_aLimitation Act _cProf. MD. Altaf Hossain |
||
| 250 | _aNew | ||
| 260 |
_aDhaka _bAmin Low Book Center _c2003 |
||
| 300 | _a2920 p. | ||
| 650 | _aLaw | ||
| 650 | _aLaw | ||
| 700 | _aProf. MD. Altaf Hossain | ||
| 999 |
_c2007 _d2007 |
||